Belize; will independence mean new dependence /
El surgimiento de Belice, como una nación independiente, plantea diversas problemáticas para su desarrollo interno: desde la definición de políticas que propicien la homogeneidad nacional hasta soluciones prácticas contra el desempleo. El artículo proporciona una visión general de la situación de Be...
Bewaard in:
| Hoofdauteur: | |
|---|---|
| Formaat: | Texto |
| Onderwerpen: | |
| Tags: |
Voeg label toe
Geen labels, Wees de eerste die dit record labelt!
|
MARC
| LEADER | 00000 a a2200000 04500 | ||
|---|---|---|---|
| 001 | 9862 | ||
| 003 | |||
| 040 | |||
| 100 | |a Jamail, Milton | ||
| 245 | |a Belize; will independence mean new dependence / |c Milton Jamail | ||
| 520 | |a El surgimiento de Belice, como una nación independiente, plantea diversas problemáticas para su desarrollo interno: desde la definición de políticas que propicien la homogeneidad nacional hasta soluciones prácticas contra el desempleo. El artículo proporciona una visión general de la situación de Belice -aspectos económicos, sociales, políticos, financieros, etc.-. Asimiso, se refiere a la penetración de los Estados Unidos en la joven nación. ABB/mb | ||
| 650 | |a DESARROLLO ECONOMICO Y SOCIAL | ||
| 650 | |a NECESIDADES BASICAS | ||
| 650 | |a POLITICA DE DESARROLLO | ||
| 650 | |a POLOS DE CRECIMIENTO | ||
| 650 | |a INVESTIGACION SOBRE EL DESARROLLO | ||
| 650 | |a SITUACIONES HIPOTETICAS | ||
| 773 | |g volumen 18, número 4; páginas 13-16 | ||
| 999 | |c 24927 |d 24927 | ||
